Compendio de historia general (Record no. 208626)

MARC details
000 -CABECERA
campo de control de longitud fija 00799nam a2200229 a 4500
003 - IDENTIFICADOR DEL NÚMERO DE CONTROL
campo de control MX-MxUPN
005 - FECHA Y HORA DE LA ÚLTIMA TRANSACCIÓN
campo de control 20240606063657.0
008 - ELEMENTOS DE LONGITUD FIJA--INFORMACIÓN GENERAL
campo de control de longitud fija 220615s1944 ag ab|||r|||| 000 0 spa d
040 ## - FUENTE DE LA CATALOGACIÓN
Centro catalogador/agencia de origen MX-MxUPN
Lengua de catalogación spa
Centro/agencia transcriptor MX-MxUPN
041 0# - CÓDIGO DE IDIOMA
Código de lengua del texto/banda sonora o título independiente spa
050 14 - SIGNATURA TOPOGRÁFICA DE LA BIBLIOTECA DEL CONGRESO
Número de clasificación LB1642 R4
Número de documento/Ítem D838 1944
100 1# - ASIENTO PRINCIPAL--NOMBRE PERSONAL
Nombre de persona Ducoudray, Gustave,
Fechas asociadas al nombre 1838-1906
9 (RLIN) 42586
245 10 - MENCIÓN DE TÍTULO
Título Compendio de historia general
250 ## - MENCIÓN DE EDICIÓN
Mención de edición Décima cuarta edición.
260 ## - PUBLICACIÓN, DISTRIBUCIÓN, ETC.
Lugar de publicación, distribución, etc. Buenos Aires :
Nombre del editor, distribuidor, etc. Librería Hachette,
Fecha de publicación, distribución, etc. 1944.
300 ## - DESCRIPCIÓN FÍSICA
Extensión 448 páginas :
Otras características físicas ilustraciones, mapas.
500 ## - NOTA GENERAL
Nota general "Obra de texto en las escuelas de la República Dominicana y en las de Costa Rica"--portada.
650 #4 - ASIENTO SECUNDARIO DE MATERIA - TERMINO TEMATICO
Término de materia o nombre geográfico como elemento de entrada Historia
Subdivisión general Estudio y enseñanza
9 (RLIN) 6447
650 #4 - ASIENTO SECUNDARIO DE MATERIA - TERMINO TEMATICO
Término de materia o nombre geográfico como elemento de entrada Historia
Subdivisión de forma Libros de texto
9 (RLIN) 6383
700 1# - ASIENTO SECUNDARIO--NOMBRE DE PERSONAL
Nombre de persona Gibbes, Lucas T.
9 (RLIN) 44897
Término indicativo de función/relación traductor
942 ## - ELEMENTOS DE PUNTO DE ACCESO ADICIONAL (KOHA)
Fuente del sistema de clasificación o colocación Library of Congress Classification
Tipo de ítem Koha Libro
Holdings
Estado de retiro Estado de pérdida Fuente del sistema de clasificación o colocación Estado dañado No para préstamo Código de colección Localización permanente Ubicación/localización actual Ubicación en estantería Fecha de adquisición Clasificación Código de barras Fecha visto por última vez Precio válido a partir de Tipo de ítem Koha Número de copia
    Library of Congress Classification   Disponible (Préstamo en sala) Libros de texto Bib. Gregorio Torres Quintero Bib. Gregorio Torres Quintero Colecciones especiales Planta alta 15/06/2022 LB1642 R4 D838 1944 78216 15/06/2022 15/06/2022 Libro  
    Library of Congress Classification   Disponible (Préstamo en sala) Libros de texto Bib. Gregorio Torres Quintero Bib. Gregorio Torres Quintero Colecciones especiales Planta alta 15/06/2022 LB1642 R4 D838 1944 122244 15/06/2022 15/06/2022 Libro Ej. 2
    Library of Congress Classification   Disponible (Préstamo en sala) Libros de texto Bib. Gregorio Torres Quintero Bib. Gregorio Torres Quintero Colecciones especiales Planta alta 15/06/2022 LB1642 R4 D838 1944 133531 15/06/2022 15/06/2022 Libro Ej. 3